Kraje które mają kolor czarny we fladze - Statystyki

Ogólne statystyki
  • Ten quiz został rozwiązany 461 razy
    404 od ostatniego zresetowania
  • Średni wynik to 27 z 67
Statystyki odpowiedzi
Państwo % Poprawnych
Niemcy
95%
Belgia
70%
Egipt
63%
Estonia
58%
Irak
57%
Południowa Afryka
57%
Jemen
56%
Afganistan
53%
Libia
53%
Albania
51%
Syria
51%
Angola
50%
Sudan
48%
Hiszpania
45%
Kenia
45%
Korea Południowa
45%
Zjednoczone Emiraty Arabskie
45%
Jamajka
44%
Meksyk
44%
Sudan Południowy
44%
Tanzania
44%
Jordania
43%
Papua-Nowa Gwinea
43%
Zambia
43%
Dominika
42%
Zimbabwe
41%
Trynidad i Tobago
40%
Kuwejt
39%
Portugalia
39%
Uganda
39%
Antigua i Barbuda
38%
Mozambik
38%
Watykan
38%
Belize
37%
Ghana
37%
Botswana
36%
Dominikana
36%
Lesotho
35%
Turkmenistan
35%
Brunei
34%
Eswatini
34%
Haiti
34%
San Marino
34%
Saint Kitts i Nevis
33%
Saint Lucia
33%
Serbia
33%
Bahamy
32%
Barbados
32%
Timor Wschodni
32%
Wyspy Świętego Tomasza i Książeca
32%
Bhutan
31%
Ekwador
31%
Gujana
31%
Sri Lanka
31%
Chorwacja
30%
Fidżi
30%
Gwinea Bissau
30%
Liechtenstein
30%
Mołdawia
30%
Gwinea Równikowa
29%
Kambodża
29%
Malawi
29%
Malta
29%
Paragwaj
29%
Salwador
29%
Vanuatu
29%
Kiribati
24%
Nie znaleziono quizów pasujących do podanych kryteriów
Rozkład punktacji
Procent ludzi z każdym wynikiem
Percentyl według liczby udzielonych odpowiedzi
Twoja historia wyników
Nie rozwiązałeś tego quizu od ostatniego zresetowania